000 00341nab a22001097u 4500
008 130520b1982 xxu||||| |||| 00| 0 spa d
041 _aspa
100 1 _aBacsvary, R.
_967235
245 0 0 _aLas minorías nacionales y la Iglesia católica en Rumanía
_cR. Bacsvary
773 0 _tConcilium
_gV.2,1982,págs.43-54
_x0210-1041
_wRev134
942 _cAR
999 _c354842
_d354842